000 00584nam a2200229Ia 4500
003 OSt
005 20221007070846.0
006 a|||||r|||| 00| 0
007 ta
008 221006b |||||||| |||| 00| 0 eng d
024 _a6,748
037 _cTextual
040 _aFLL
_cFLL
_beng
041 _2eng
_aeng
082 _aZ2:83, L4
100 _aKhurana T.D. Au.
_9687852
245 0 _aIndian stamp act
260 _aJaipur
_bJaipur, bafna India
_c1974
300 _a648p
_ccm.
942 _hZ2:83, L4
_cTEXL
_2CC
999 _c1141754
_d1141754